00861nac a22002651u 4500010001700000020002800017035002200045035001400067082001000081090001500091100003400106245005900140246003700199250002100236260003600257300003400293500002000327650001600347650002900363650003300392700001400425942001400439999001500453952012700468 a 2002019456 a0789490102 (alk. paper) a(DLC) 2002019456 a(DLC)455100a658.4 c2541d2541 a20080729 00aSuccessful manager's handbook /cMoi Ali ... [et al.].30aDK successful manager's handbook a1st American ed. aNew York :bDK Pub.,2002c2002. a864 p. :bcol. ill. ;c22 cm. aIncludes index. 0aManagement. 0aOrganizational behavior. 0aInterpersonal communication.1 aAli, Moi. cBBk658.4 c2541d2541 00102ddc40708 aMAINbMAINc1STd2007-02-22epurchasel9m1o658.4 SUCp000001776r2025-07-15 00:00:00s2012-01-02yBB